ბათუმის შოთა რუსთაველის სახელმწიფო უნივერსიტეტის ბიბლიოთეკა

ბაზისური ფარმაკოლოგია : (ბიბ.ჩანაწერი № 63030)

000 -ლიდერი
ფიქსირებული სიგრძის საკონტროლო ველი 01394nam a22001937a 4500
003 - საკონტროლო ნომრის იდენტიფიკატორი
საკონტროლო ველი Ge_BSU
005 - ბოლო ოპერაციის თარიღი და დრო
საკონტროლო ველი 20250513150758.0
008 - ფიქსირებული სიგრძის მონაცემთა ელემენტები - ზოგადი ინფორმაცია
ფიქსირებული სიგრძის საკონტროლო ველი 250513s2022 ge ||||| |||| 00| 0 geo d
020 ## - წიგნის საერთაშორისო სტანდარტული ნომერი
International Standard Book Number 9789941501517
041 ## - ენის კოდი
Language code of text/sound track or separate title geo
080 ## - უნივერსალური ათობითი კლასიფიკაციის ინდექსი
Universal Decimal Classification number 615(075) გ-59
100 ## - მთავარი ჩანაწერი - პიროვნების სახელი
Personal name გოგოლაური, მანანა
9 (RLIN) 6289
245 ## - ცნობა სათაურის შესახებ
Title ბაზისური ფარმაკოლოგია :
Remainder of title სახელმძღვანელო ფიზიკური მედიცინისა და რეაბილიტაციის, საზოგადოებრივი ჯანმრთელობის დაცვის და ზოგადსაგანმანათლებლო პროგრამის (საექთნო საქმე, ბებია-ქალი) ფაკულტეტების სტუდენტებისათვის : (ბაკალავრის პროგრამა). ნაწილი 3 /
Statement of responsibility, etc მანანა გოგოლაური ; რედაქტორი ლუიზა გაბუნია.
264 ## - წარმოების, გამოცემის, დისტრიბუციის და სხვა ცნობები
გამოცემის, წარმოების, დისტრიბუციის... ადგილი თბილისი :
გამოცემის, წარმოების, დისტრიბუციის... სახელწოდება ნეკერი,
გამოცემის, წარმოების, დისტრიბუციის... თარიღი 2022.
300 ## - ფიზიკური აღწერა
Extent 224 გვ. :
Other physical details ილ. ;
Dimensions 21 სმ.
653 ## - INDEX TERM--UNCONTROLLED
Uncontrolled term ფარმაკოლოგია
700 ## - ADDED ENTRY--PERSONAL NAME
Personal name გაბუნია, ლუიზა
Relator term რედაქტორი
9 (RLIN) 6288
942 ## - ADDED ENTRY ELEMENTS (KOHA)
Source of classification or shelving scheme
Koha item type წიგნი
ეგზემპლარები
ჩამოწერის სტატუსი დაკარგული ეგზემპლარის სტატუსი კლასიფიკაციის წყარო ან თაროზე გაწყობის სქემა დაზიანების სტატუსი არ გაიცემა მუდმივი მდებარეობა (დაცვის ადგილი) ამჟამინდელი ადგილსამყოფელი თაროზე განთავსების ადგილი შეძენის თარიღი ღირებულება, შესყიდვის ნორმალური ფასი სრული შენახვის შიფრი შტრიხკოდი ბოლო ოპერაციის თარიღი ეგზემპლარის მიმდევრობითი ნომერი (კეტერი?) ფასის ძალაში შესვლის თარიღი ეგზემპლარის სახეობა საჯარო შენიშვნა
          ბათუმის შოთა რუსთაველის სახელმწიფო უნივერსიტეტის მთავარი ბიბლიოთეკა ბათუმის შოთა რუსთაველის სახელმწიფო უნივერსიტეტის მთავარი ბიბლიოთეკა წიგნსაცავი 2025-05-13 25.50 615(075) გ-59 71408 2025-05-13 70408 2025-05-13 წიგნი 25 ლ. 50 თ.
          ბათუმის შოთა რუსთაველის სახელმწიფო უნივერსიტეტის მთავარი ბიბლიოთეკა ბათუმის შოთა რუსთაველის სახელმწიფო უნივერსიტეტის მთავარი ბიბლიოთეკა წიგნსაცავი 2025-05-13 25.50 615(075) გ-59 71409 2025-05-13 70409 2025-05-13 წიგნი 25 ლ. 50 თ.
          ბათუმის შოთა რუსთაველის სახელმწიფო უნივერსიტეტის მთავარი ბიბლიოთეკა ბათუმის შოთა რუსთაველის სახელმწიფო უნივერსიტეტის მთავარი ბიბლიოთეკა წიგნსაცავი 2025-05-13 25.50 615(075) გ-59 71410 2025-05-13 70410 2025-05-13 წიგნი 25 ლ. 50 თ.
          ბათუმის შოთა რუსთაველის სახელმწიფო უნივერსიტეტის მთავარი ბიბლიოთეკა ბათუმის შოთა რუსთაველის სახელმწიფო უნივერსიტეტის მთავარი ბიბლიოთეკა წიგნსაცავი 2025-05-13 25.50 615(075) გ-59 71411 2025-05-13 70411 2025-05-13 წიგნი 25 ლ. 50 თ.
          ბათუმის შოთა რუსთაველის სახელმწიფო უნივერსიტეტის მთავარი ბიბლიოთეკა ბათუმის შოთა რუსთაველის სახელმწიფო უნივერსიტეტის მთავარი ბიბლიოთეკა წიგნსაცავი 2025-05-13 25.50 615(075) გ-59 71412 2025-05-13 70412 2025-05-13 წიგნი 25 ლ. 50 თ.